000 00368nam a22001577a 4500
003 SGT
020 _a9789318902779
082 _a615.
_bC22S
100 _aSIDDIQUI, ANEES , AHMAD
245 _aCOMPUTER AIDED DRUG DESING
260 _aNEW DELHI
_bC. B. S. PUB
_c2022
300 _a158
650 _a AIDED, DRUG, DESING
653 _aDESING, DRUG
942 _2ddc
_cBK
999 _c23890
_d23890